000
00316nam a2200133Ia 4500
008
100328s9999 xx 000 0 und d
082
_b
47423
100
_a
काकडे द.स.
245
_a
वंश
260
_b
चंद्रमौळी
630
_a
वंश
730
_a
वंश
942
_c
BOOK
999
_c
535210
_d
535207